[Event "Koge Lang Jubilee Weekend Gr-4"]
[Site "Koge"]
[Date "2022.07.06"]
[Round "2"]
[White "Larsen, Hans Haagen"]
[Black "Dyremose, Morten Sigvart"]
[Result "0-1"]
[WhiteElo "1517"]
[BlackElo "1432"]
[PlyCount "62"]
[EventDate "2022.07.06"]
[EventType "swiss"]
[EventRounds "9"]
[EventCountry "DEN"]
[SourceTitle "EXT 2024"]
[Source "ChessBase"]
[SourceDate "2023.10.10"]
[SourceVersion "1"]
[SourceVersionDate "2023.10.10"]
[SourceQuality "1"]

1. b4 d5 2. Bb2 e6 3. e3 Nf6 4. b5 b6 5. Nf3 Bb7 6. Be2 Bd6 7. a4 a5 8. Na3 Nbd7 9. c4 0-0 10. 0-0 Rc8 11. d4 c5 12. Ne5 Qc7 13. f4 Ne4 14. Bg4 f5 15. Bh3 Qd8 16. g4 Bxe5 17. fxe5 Qh4 18. Kg2 Ng5 19. Qe2 Qxh3+ 20. Kg1 dxc4 21. e4 Bxe4 22. gxf5 Nf3+ 23. Rxf3 Bxf3 24. Qf2 Rxf5 25. Qg3 Qxg3+ 26. hxg3 cxd4 27. Bxd4 Bd5 28. Nc2 Rh5 29. Ne3 Rh1+ 30. Kf2 Rxa1 31. Bxa1 c3 0-1

[Event "DEN-ch Basis G7"]
[Site "Svendborg"]
[Date "2021.10.24"]
[Round "7"]
[White "Jensen, Klaus Bo"]
[Black "Larsen, Hans Haagen"]
[Result "0-1"]
[WhiteElo "1069"]
[BlackElo "1655"]
[PlyCount "63"]
[EventDate "2021.10.18"]
[EventType "swiss"]
[EventRounds "7"]
[EventCountry "DEN"]
[SourceTitle "EXT 2025"]
[Source "ChessBase"]
[SourceDate "2024.10.14"]
[SourceVersion "1"]
[SourceVersionDate "2024.10.14"]
[SourceQuality "1"]

1. e4 e6 2. d4 d5 3. e5 c5 4. c3 Nd7 5. Nf3 Ne7 6. Bb5 Qb6 7. Bxd7+ Bxd7 8. 0-0 Nc6 9. Nbd2 Be7 10. c4 0-0 11. b3 cxd4 12. a4 f6 13. exf6 Bxf6 14. Rb1 dxc4 15. Nxc4 Qc7 16. Bg5 e5 17. Bxf6 gxf6 18. Ncd2 Bf5 19. Rc1 Kh8 20. b4 Qd7 21. b5 Ne7 22. Nh4 Be6 23. Qh5 Rg8 24. Ne4 Nd5 25. Rc5 Qf7 26. Qxf7 Bxf7 27. Nd6 Be6 28. Nxb7 Rg7 29. Nd6 Rg4 30. Nf3 Rag8 31. g3 h5 32. Rc7 0-1

[Event "Koge Lang Sommer Weekend"]
[Site "Koge"]
[Date "2020.07.26"]
[Round "7"]
[White "Larsen, Hans Haagen"]
[Black "Olsson, Rasmus"]
[Result "0-1"]
[WhiteElo "1681"]
[BlackElo "1736"]
[PlyCount "82"]
[EventDate "2020.07.22"]
[EventType "swiss"]
[EventRounds "7"]
[EventCountry "DEN"]
[SourceTitle "EXT 2021"]
[Source "ChessBase"]
[SourceDate "2020.10.23"]
[SourceVersion "1"]
[SourceVersionDate "2020.10.23"]
[SourceQuality "1"]

1. b4 e5 2. Bb2 d6 3. Nf3 Nf6 4. e3 Be7 5. c4 b6 6. Be2 Bb7 7. 0-0 Nbd7 8. d4 e4 9. Nfd2 d5 10. c5 0-0 11. Nc3 Ne8 12. f3 f5 13. fxe4 fxe4 14. Qc2 Ndf6 15. Na4 Bc8 16. Rf2 Ng4 17. Rxf8+ Bxf8 18. Nf1 a6 19. h3 b5 20. Nc3 Nh6 21. a4 bxa4 22. Rxa4 Qg5 23. Kh1 Nf6 24. b5 Nf5 25. Bc1 Nh4 26. Bd1 Bb7 27. c6 Bc8 28. Qf2 Bd6 29. Nh2 Bg3 30. Qe2 a5 31. Ba3 Nf5 32. Nf1 g6 33. Bb4 Nh5 34. Nxd5 Bd6 35. Be1 Nhg3+ 36. Bxg3 Nxg3+ 37. Nxg3 Qxg3 38. Nf4 g5 39. Qc4+ Kh8 40. Bb3 gxf4 41. Qf7 Qe1+ 0-1

[Event "Helsingor Xtracon op"]
[Site "Helsingor"]
[Date "2019.07.26"]
[Round "8"]
[White "Larsen, Hans Haagen"]
[Black "Masotti, Roberto"]
[Result "0-1"]
[WhiteElo "1680"]
[BlackElo "1814"]
[PlyCount "26"]
[EventDate "2019.07.20"]
[EventType "swiss"]
[EventRounds "10"]
[EventCountry "DEN"]
[SourceTitle "CBM 191 Extra"]
[Source "ChessBase"]
[SourceDate "2019.09.30"]
[SourceVersion "1"]
[SourceVersionDate "2019.09.30"]
[SourceQuality "1"]

1. Nf3 c5 2. e4 g6 3. d4 cxd4 4. Nxd4 Bg7 5. Bc4 Nc6 6. Be3 Nf6 7. Nc3 0-0 8. f4 Nxe4 9. Nxc6 Nxc3 10. Nxd8 Nxd1 11. Nxf7 Nxe3 12. Nh6+ Kh8 13. Nf7+ Rxf7 0-1

[Event "Helsingor Xtracon op"]
[Site "Helsingor"]
[Date "2019.07.23"]
[Round "5"]
[White "Steenstrup, Svend"]
[Black "Larsen, Hans Haagen"]
[Result "1-0"]
[WhiteElo "1924"]
[BlackElo "1680"]
[PlyCount "67"]
[EventDate "2019.07.20"]
[EventType "swiss"]
[EventRounds "10"]
[EventCountry "DEN"]
[SourceTitle "CBM 191 Extra"]
[Source "ChessBase"]
[SourceDate "2019.09.30"]
[SourceVersion "1"]
[SourceVersionDate "2019.09.30"]
[SourceQuality "1"]

1. e4 e6 2. d4 d5 3. e5 c5 4. c3 Nd7 5. Bd3 Ne7 6. h4 Nc6 7. Nf3 b6 8. Bg5 Qc7 9. Na3 a6 10. Nc2 c4 11. Be2 h6 12. Bf4 Bb7 13. b3 Na5 14. b4 Nc6 15. Qd2 b5 16. a4 bxa4 17. Rxa4 Be7 18. Ne3 Nb6 19. Ra2 f6 20. Bh2 fxe5 21. Nxe5 Bd6 22. Bh5+ g6 23. Nxg6 Bxh2 24. Nxh8+ Kd7 25. Ng6 Ne7 26. Nxe7 Kxe7 27. g3 Bxg3 28. fxg3 Rf8 29. Rg1 e5 30. g4 Rf4 31. Rf1 exd4 32. Rxf4 dxc3 33. Qe2 Qd6 34. Nf5+ 1-0

[Event "Helsingor Xtracon op"]
[Site "Helsingor"]
[Date "2019.07.21"]
[Round "2"]
[White "Larsen, Hans Haagen"]
[Black "Meyer, Juergen"]
[Result "0-1"]
[WhiteElo "1680"]
[BlackElo "1889"]
[PlyCount "100"]
[EventDate "2019.07.20"]
[EventType "swiss"]
[EventRounds "10"]
[EventCountry "DEN"]
[SourceTitle "CBM 191 Extra"]
[Source "ChessBase"]
[SourceDate "2019.09.30"]
[SourceVersion "1"]
[SourceVersionDate "2019.09.30"]
[SourceQuality "1"]

1. b4 c6 2. Bb2 a5 3. a3 axb4 4. axb4 Rxa1 5. Bxa1 Qb6 6. Bc3 Na6 7. Na3 Nxb4 8. Nc4 Qc5 9. e3 e6 10. d4 Qe7 11. Nb6 Qd8 12. Nxc8 Qxc8 13. Qd2 Nd5 14. Bb2 f5 15. Nf3 Ngf6 16. Bd3 Be7 17. 0-0 b5 18. Ra1 0-0 19. Ra7 Qb8 20. Qa5 Bd8 21. Qa1 Bb6 22. Ra3 Qb7 23. c4 Nb4 24. c5 Nxd3 25. Rxd3 Ra8 26. Ra3 Rxa3 27. Qxa3 Bc7 28. Bc3 Bb8 29. h3 Qa7 30. Qb2 Qa4 31. g3 Nd5 32. Be1 Bc7 33. Qb1 Nf6 34. Ne5 Bxe5 35. dxe5 Nd5 36. Qd3 Qe4 37. Qa3 Qa4 38. Qd3 Qa1 39. Qd2 Qxe5 40. Qa5 Qb8 41. f3 Nxe3 42. Qb6 Qc8 43. f4 Nd5 44. Qa7 b4 45. Bd2 Kf7 46. Kf2 Qc7 47. Qa4 e5 48. Kf3 e4+ 49. Kg2 Qb7 50. Qa5 b3 0-1

[Event "Helsingor Xtracon op"]
[Site "Helsingor"]
[Date "2017.07.26"]
[Round "6"]
[White "Tenold, Andreas"]
[Black "Larsen, Hans Haagen"]
[Result "0-1"]
[WhiteElo "1845"]
[BlackElo "1627"]
[PlyCount "108"]
[EventDate "2017.07.22"]
[EventType "swiss"]
[EventRounds "10"]
[EventCountry "DEN"]
[SourceTitle "CBM 179 Extra"]
[Source "ChessBase"]
[SourceDate "2017.08.23"]
[SourceVersion "1"]
[SourceVersionDate "2017.08.23"]
[SourceQuality "1"]

1. Nf3 d6 2. g3 g6 3. Bg2 Bg7 4. d4 Nc6 5. 0-0 Bd7 6. c3 e5 7. e4 f5 8. exf5 gxf5 9. Ng5 Nf6 10. dxe5 dxe5 11. Bd5 Qe7 12. Bf7+ Kf8 13. Bc4 h6 14. Nf3 Na5 15. Nh4 Qc5 16. Ng6+ Ke8 17. Nxh8 Nxc4 18. Ng6 Kf7 19. Nh4 Re8 20. b3 Nd6 21. Be3 Qc6 22. f3 Nd5 23. Qd2 f4 24. Bf2 Bf6 25. Rd1 Ne3 26. Bxe3 Bxh4 27. gxh4 Qxf3 28. Qd5+ Qxd5 29. Rxd5 Ke6 30. Rd1 fxe3 31. Na3 Nf5 32. Kf1 Rg8 33. Re1 Bc6 34. Re2 Bf3 35. Rb2 a6 36. Re1 b5 37. Nc2 Rg2 38. Nd4+ exd4 39. Rxg2 Nxh4 40. Rg3 Ke5 41. cxd4+ Kxd4 42. Kg1 h5 43. Rh3 Ng2 44. Rxf3 Nxe1 45. Rf8 a5 46. Kf1 Nd3 47. Rf5 c5 48. Rxh5 e2+ 49. Kxe2 Nf4+ 50. Kf3 Nxh5 51. Kg4 Nf6+ 52. Kf5 Ne4 53. h4 c4 54. h5 Ng3+ 0-1

[Event "Helsingor Xtracon op"]
[Site "Helsingor"]
[Date "2016.07.23"]
[Round "1"]
[White "Thogersen, Rasmus"]
[Black "Larsen, Hans Haagen"]
[Result "1-0"]
[WhiteElo "2205"]
[BlackElo "1752"]
[PlyCount "75"]
[EventDate "2016.07.23"]
[EventType "swiss"]
[EventRounds "10"]
[EventCountry "DEN"]
[SourceTitle "CBM 173 Extra"]
[Source "ChessBase"]
[SourceDate "2016.08.29"]
[SourceVersion "1"]
[SourceVersionDate "2016.08.29"]
[SourceQuality "1"]

1. d4 d6 2. e4 g6 3. Nc3 Bg7 4. Bg5 Nc6 5. Nge2 f6 6. Be3 e5 7. Qd2 f5 8. exf5 gxf5 9. Bg5 Nf6 10. dxe5 dxe5 11. Qxd8+ Nxd8 12. Bxf6 Bxf6 13. Nd5 0-0 14. Nxc7 Rb8 15. 0-0-0 Ne6 16. Nd5 Bg5+ 17. Kb1 b5 18. h4 Bd8 19. g3 Bb7 20. Bg2 b4 21. f4 e4 22. Nxb4 Bb6 23. Nd5 Ba6 24. Nxb6 Rxb6 25. Nd4 Nc5 26. Bf1 Rfb8 27. Nb3 Nxb3 28. axb3 Bb7 29. Rd7 e3 30. Bc4+ Kh8 31. Re1 Re8 32. Rd3 e2 33. Rxe2 Be4 34. Bd5 Rb4 35. Rde3 Rd4 36. Bxe4 Rd1+ 37. Ka2 Rf8 38. Bd3 1-0

[Event "Amager-ch"]
[Site "Amager"]
[Date "2015.09.29"]
[Round "6"]
[White "Larsen, Hans Haagen"]
[Black "Skovgaard, Ib"]
[Result "1/2-1/2"]
[WhiteElo "1606"]
[BlackElo "1978"]
[PlyCount "96"]
[EventDate "2015.08.18"]
[EventType "swiss"]
[EventRounds "7"]
[EventCountry "DEN"]
[SourceTitle "EXT 2023"]
[Source "ChessBase"]
[SourceDate "2022.10.05"]
[SourceVersion "1"]
[SourceVersionDate "2022.10.05"]
[SourceQuality "1"]

1. d4 d5 2. Bf4 c6 3. c3 Nf6 4. e3 h5 5. h3 Nbd7 6. Nf3 Ne4 7. Be2 Ndf6 8. Ne5 g5 9. Bh2 Be6 10. f3 Nd6 11. Qb3 Qc8 12. Nd2 Nf5 13. Nf1 Bg7 14. 0-0-0 g4 15. Bf4 Nh4 16. hxg4 Nxg2 17. g5 Nxf4 18. exf4 Nd7 19. Ne3 Nxe5 20. fxe5 f6 21. f4 fxg5 22. Bxh5+ Rxh5 23. Rxh5 gxf4 24. Rh7 Bf8 25. Ng2 Bf5 26. Rh8 f3 27. Ne3 Bg6 28. Rf1 Be4 29. Rg1 Kf7 30. Rgg8 Bh6 31. Rxc8 Bxe3+ 32. Kd1 Rxc8 33. Rxc8 f2 34. Ke2 Bd3+ 35. Kxd3 f1Q+ 36. Kxe3 Qh3+ 37. Kd2 Qxc8 38. Qd1 Qf5 39. Qh1 Qf2+ 40. Kc1 Qf4+ 41. Kc2 b5 42. a3 a5 43. Qh7+ Ke6 44. Qg8+ Kd7 45. Qa8 Qf2+ 46. Kb3 a4+ 47. Ka2 Qc2 48. Qb7+ Kd8 1/2-1/2

[Event "Amager-ch"]
[Site "Amager"]
[Date "2015.08.25"]
[Round "2"]
[White "Varming, Thomas"]
[Black "Larsen, Hans Haagen"]
[Result "1-0"]
[WhiteElo "1853"]
[BlackElo "1606"]
[PlyCount "93"]
[EventDate "2015.08.18"]
[EventType "swiss"]
[EventRounds "7"]
[EventCountry "DEN"]
[SourceTitle "EXT 2023"]
[Source "ChessBase"]
[SourceDate "2022.10.05"]
[SourceVersion "1"]
[SourceVersionDate "2022.10.05"]
[SourceQuality "1"]

1. d4 d6 2. Nf3 g6 3. Bf4 Nc6 4. d5 e5 5. Bg5 Nce7 6. e4 h6 7. Bd2 Bg7 8. Bd3 c5 9. c4 Nf6 10. 0-0 0-0 11. b4 b6 12. a4 Nh5 13. bxc5 bxc5 14. Nc3 a6 15. Rb1 Nf4 16. Qc2 g5 17. g3 Nh3+ 18. Kg2 Ng6 19. Ne2 h5 20. Qc1 Bh6 21. Nfg1 Nxg1 22. Nxg1 f5 23. exf5 Bxf5 24. Bxf5 Rxf5 25. h4 Nf4+ 26. gxf4 gxf4 27. Qc2 Qf6 28. Nf3 Kh8 29. Rh1 Rg8+ 30. Kf1 Qf7 31. Ke2 Rf6 32. Rhg1 Rg4 33. Rb8+ Bf8 34. Rxg4 hxg4 35. Ng5 Qc7 36. Rxf8+ Rxf8 37. Ne6 Qf7 38. Nxf8 Qxf8 39. Qg6 g3 40. Qh5+ Kg8 41. fxg3 fxg3 42. Qg6+ Kh8 43. Qh6+ Qxh6 44. Bxh6 Kg8 45. Kf3 Kf7 46. Kxg3 Kf6 47. Bf8 1-0